| 000 | 00796nac a22002537a 4500 | ||
|---|---|---|---|
| 001 | BR9300797 | ||
| 003 | BR-BrBNA | ||
| 005 | 20240105121411.0 | ||
| 008 | 230509b bl.|||m| |||| 00| 0 por d | ||
| 040 |
_aBR-BrBNA _bpor _cBiblioteca Nacional de Agricultura |
||
| 072 | _aE70 | ||
| 090 | _a1160 BR9300797 | ||
| 110 | 1 |
_aCentro Nacional de Pesquisa de Caju, Fortaleza, CE (Brasil) _91758 |
|
| 245 | 1 | _aAspectos da distribuicao e producao de caju no Estado do Ceara | |
| 260 | 3 |
_aFortaleza, CE (Brasil): _c1988. |
|
| 300 | _a12 p. | ||
| 490 |
_aDocumentos - Centro Nacional de Pesquisa de Caju (Brazil) _vno. 1 _x |
||
| 500 | _a8 ref.; 7 tables | ||
| 650 | _aCaju | ||
| 650 | _aExportacao | ||
| 650 | _aCeara | ||
| 909 |
_a202312 _bLúcia Elande _c55 _dLúcia Elande |
||
| 942 |
_2AGRIS _n0 _cMS |
||
| 999 |
_c285075 _d285075 |
||